[Event "Pune All India op 3rd"]
[Site "Pune"]
[Date "2019.04.29"]
[Round "2"]
[White "Kamble, Dipankar"]
[Black "Shyam, Nikil P"]
[Result "0-1"]
[WhiteElo "1435"]
[BlackElo "2429"]
[PlyCount "116"]
[EventDate "2019.04.29"]
[EventType "swiss"]
[EventRounds "8"]
[EventCountry "IND"]
[SourceTitle "CBM 190 Extra"]
[Source "ChessBase"]
[SourceDate "2019.07.15"]
[SourceVersion "1"]
[SourceVersionDate "2019.07.15"]
[SourceQuality "1"]

1. e4 c5 2. d4 cxd4 3. c3 Nf6 4. e5 Nd5 5. Nf3 e6 6. Bc4 Nb6 7. Bb3 dxc3 8. Nxc3 d5 9. exd6 Bxd6 10. 0-0 0-0 11. Bg5 Be7 12. Bxe7 Qxe7 13. Qe2 Nc6 14. Rad1 Bd7 15. Bc2 Rfd8 16. h4 g6 17. Qe3 Nb4 18. Be4 Bc6 19. Qh6 Qf8 20. Qg5 N4d5 21. Nxd5 Bxd5 22. Bxd5 Rxd5 23. Rxd5 Nxd5 24. h5 Qg7 25. hxg6 hxg6 26. Qd2 Qf6 27. Rc1 Rd8 28. Qc2 Nf4 29. Kf1 Kg7 30. b3 Rh8 31. g3 Nd5 32. Kg2 b6 33. Qe4 Qb2 34. Qe5+ Qxe5 35. Nxe5 g5 36. Kf3 Rd8 37. a3 f6 38. Ng4 Rd7 39. Ne3 Ne7 40. Ke2 f5 41. a4 Kf6 42. b4 Rd4 43. Rc4 Rxc4 44. Nxc4 Nd5 45. a5 b5 46. Na3 a6 47. Nc2 e5 48. f3 e4 49. g4 exf3+ 50. Kxf3 Ke5 51. gxf5 Kxf5 52. Nd4+ Ke5 53. Nc6+ Kd6 54. Nd4 Nxb4 55. Nxb5+ axb5 56. Kg4 Nd5 57. a6 b4 58. a7 Nb6 0-1

[Event "New Delhi Parsvnath op-C 17th"]
[Site "New Delhi"]
[Date "2019.01.14"]
[Round "3.6"]
[White "Deo, Varad"]
[Black "Kamble, Dipankar"]
[Result "0-1"]
[WhiteElo "1342"]
[BlackElo "1487"]
[PlyCount "108"]
[EventDate "2019.01.13"]
[EventType "swiss"]
[EventRounds "10"]
[EventCountry "IND"]
[SourceTitle "EXT 2024"]
[Source "ChessBase"]
[SourceDate "2023.10.10"]
[SourceVersion "1"]
[SourceVersionDate "2023.10.10"]
[SourceQuality "1"]

1. d4 Nf6 2. Nf3 e6 3. Bf4 c5 4. e3 b6 5. Nc3 Bb7 6. Nb5 Na6 7. Bd6 Ne4 8. dxc5 bxc5 9. Bxf8 Kxf8 10. Nd6 Qb6 11. Nxb7 Qxb7 12. Bd3 Nb4 13. 0-0 Nxd3 14. cxd3 Nf6 15. b3 d6 16. d4 cxd4 17. Qxd4 Qb6 18. Rfc1 Qxd4 19. Nxd4 g6 20. Rc7 Ne8 21. Rb7 e5 22. Nf3 h6 23. Rc1 Kg7 24. Nd2 d5 25. Nf3 e4 26. Nd4 h5 27. Rc6 h4 28. Kf1 Rh5 29. Ke2 Re5 30. Ne6+ Kg8 31. Nd4 a6 32. f4 exf3+ 33. gxf3 Rg5 34. Kf1 h3 35. f4 Rg2 36. Rc2 Rxc2 37. Nxc2 Rc8 38. Nd4 Nf6 39. Ra7 Rc1+ 40. Kf2 Ne4+ 41. Ke2 Rh1 42. Nf3 Nc3+ 43. Kd2 Nxa2 44. Rxa6 Nb4 45. Rb6 Na2 46. Ra6 Nb4 47. Rb6 Na2 48. Rc6 Rb1 49. Rc2 Nb4 50. Rc3 Rb2+ 51. Kd1 Rf2 52. Ke1 Rb2 53. Nd2 Kg7 54. Kd1 Ra2 0-1